000 00239nam a2200097Ia 4500
008 120527s9999 xx 000 0 und d
100 _aSNYDER,W.James.
245 _a1991 year book of clinical micriobiology.
260 _bC.R.C
942 _cBK
999 _c24048
_d24048